| 000 | 00485nam a22001817a 4500 | ||
|---|---|---|---|
| 003 | CEME | ||
| 005 | 20210628202816.0 | ||
| 008 | 210127b xxu||||| |||| 00| 0 eng d | ||
| 020 | _a81-7649-078-4 | ||
| 040 | _c. | ||
| 082 | _a621.8 HAN | ||
| 100 |
_aHannah, John:Stephens, R.C _961737 |
||
| 245 | _aMechanics of machines;advanced theory and examples | ||
| 260 |
_aNEW DELHI _bVIVA BOOKS _c1999 |
||
| 300 | _aVII,456P | ||
| 650 |
_aMECHANICS OF MACHINES _961037 |
||
| 942 |
_cBK _2ddc |
||
| 999 |
_c571086 _d571086 |
||